000 00445cam a2200169ua 4500
020 _a81-7097-092-X
_c75.00
041 _aeng
_h
082 _a631.56
_bPAN/PO
100 _aPandey, P.H .
245 _aPost harvest technology of fruits and vegetables /
_cP.H.Pandey.
_hTextual Documents
260 _aAllahabad :
_bSaroj Prakashan ,
_c1997.
300 _a212 ; .
365 _a75.00
504 _a
942 _cBK
999 _c9318
_d9318